Currencies Quiz: Cryptocurrency - Statistics

General Stats
  • This quiz has been taken 30 times
  • The average score is 3 of 8
Answer Stats
Symbol Answer % Correct
Bitcoin
100%
Ð Dogecoin (Joke)
61%
Ł Litecoin
57%
Ξ Ethereum
54%
Peercoin
7%
Ӿ Nano
4%
Ψ Primecoin
4%
Auroracoin
0%
No matching quizzes found
Score Distribution
Percent of People with Each Score
Percentile by Number Answered
Your Score History
You have not taken this quiz